[Event "4NCL Division 1a"]
[Site "Hinckley Island ENG"]
[Date "2013.11.17"]
[Round "2.111"]
[White "Cherniaev, Alexander"]
[Black "Sadler, Matthew D"]
[Result "1/2-1/2"]
[WhiteElo "2415"]
[BlackElo "2646"]
[PlyCount "96"]
[EventDate "2013.11.17"]
[WhiteTeam "Wood Green HK 2"]
[BlackTeam "Guildford 1"]

1. d4 Nf6 2. g3 d5 3. Nf3 c6 4. Bg2 Bf5 5. c4 e6 6. Nc3 h6 7. Qb3 Qb6 8. c5 Qc7
9. Bf4 Qc8 10. O-O Be7 11. Rfc1 O-O 12. Qd1 Nbd7 13. b4 g5 14. Bd2 Ne4 15. Be1
Bg6 16. Na4 f5 17. Nb2 Bf6 18. Nd3 Qc7 19. e3 Bh5 20. Qc2 Bxf3 21. Bxf3 e5 22.
dxe5 Nxe5 23. Nxe5 Bxe5 24. Rab1 a6 25. Bg2 g4 26. a4 Rf7 27. b5 axb5 28. axb5
h5 29. bxc6 bxc6 30. Rb6 h4 31. Rcb1 hxg3 32. hxg3 Rh7 33. Qe2 Qc8 34. Qc2 Qe6
35. Qe2 Rha7 36. Qc2 Ra2 37. Qc1 Qh6 38. Qd1 Bxg3 39. Qxd5+ cxd5 40. Rxh6 Ra1
41. Bxe4 dxe4 42. Rxa1 Rxa1 43. Kg2 Be5 44. Re6 Bg7 45. Bd2 Ra2 46. Rd6 Kf7 47.
Rd7+ Kg6 48. Rd6+ Kf7 1/2-1/2

[Event "4NCL Division 1a"]
[Site "Hinckley Island ENG"]
[Date "2013.11.17"]
[Round "2.113"]
[White "Emms, John M"]
[Black "Le Roux, Jean-Pierre"]
[Result "1-0"]
[WhiteElo "2441"]
[BlackElo "2571"]
[PlyCount "81"]
[EventDate "2013.11.17"]
[WhiteTeam "Wood Green HK 2"]
[BlackTeam "Guildford 1"]

1. e4 e5 2. Bc4 Nf6 3. d3 Bc5 4. Nc3 Nc6 5. f4 O-O 6. Nf3 exf4 7. Bxf4 Na5 8.
d4 Nxc4 9. dxc5 d5 10. cxd6 cxd6 11. Qd4 Be6 12. Bg5 Nxb2 13. Rb1 Nc4 14. O-O
Ne5 15. Nxe5 dxe5 16. Qxe5 Ng4 17. Bxd8 Nxe5 18. Bc7 Nd7 19. Nd5 b6 20. Bd6
Bxd5 21. exd5 Rfc8 22. Rbe1 Nf6 23. Re7 Nxd5 24. Rexf7 Ne3 25. R1f3 Nc4 26. Bc7
Re8 27. Rd7 Re1+ 28. Kf2 Re6 29. a4 Rc6 30. g4 Rf8 31. Rxf8+ Kxf8 32. Kg3 a5
33. h4 Re6 34. Bf4 Re2 35. h5 h6 36. Rc7 Nb2 37. Kf3 Re6 38. Be3 Nxa4 39. Rd7
g6 40. g5 gxh5 41. gxh6 1-0

[Event "4NCL Division 1a"]
[Site "Hinckley Island ENG"]
[Date "2013.11.17"]
[Round "2.114"]
[White "Hebden, Mark L"]
[Black "McDonald, Neil R"]
[Result "1-0"]
[WhiteElo "2556"]
[BlackElo "2419"]
[PlyCount "115"]
[EventDate "2013.11.17"]
[WhiteTeam "Guildford 1"]
[BlackTeam "Wood Green HK 2"]

1. d4 d5 2. Nf3 c6 3. c4 Nf6 4. e3 Bf5 5. Nc3 e6 6. Nh4 Bg6 7. Qb3 Qb6 8. Nxg6
hxg6 9. Qc2 Nbd7 10. Bd2 Bb4 11. O-O-O Qc7 12. h3 a5 13. cxd5 exd5 14. Bd3 c5
15. dxc5 Nxc5 16. Bb5+ Kf8 17. a3 Rc8 18. f3 Rh5 19. Kb1 d4 20. axb4 dxc3 21.
Qxc3 axb4 22. Qxb4 Kg8 23. Rc1 b6 24. e4 Qg3 25. Rhg1 Ra8 26. Be3 Qb8 27. Rc3
Ra7 28. Rd1 Kh7 29. Bc6 Qc7 30. Bd5 Ra5 31. Ba2 Qa7 32. Ra3 Rxa3 33. Qxa3 Qe7
34. Qb4 Nfd7 35. Qd4 Nf6 36. Qc4 Ne6 37. Bxb6 Qb7 38. Bd4 Rb5 39. Bc3 Rc5 40.
Qd3 Nf4 41. Qe3 Qc7 42. g3 Ne6 43. e5 Ng8 44. f4 Ne7 45. Qd3 Nf5 46. g4 Ne7 47.
Bb4 Rc6 48. Bd6 Qa7 49. f5 Nf4 50. Qg3 g5 51. h4 Qa4 52. Qb3 Qe4+ 53. Ka1 Ned5
54. hxg5 Ne3 55. Bb1 Qf3 56. Re1 Nfd5 57. f6+ g6 58. Qb7 1-0

[Event "4NCL Division 1a"]
[Site "Hinckley Island ENG"]
[Date "2013.11.17"]
[Round "2.115"]
[White "Pein, Malcolm"]
[Black "Smerdon, David"]
[Result "0-1"]
[WhiteElo "2371"]
[BlackElo "2523"]
[PlyCount "80"]
[EventDate "2013.11.17"]
[WhiteTeam "Wood Green HK 2"]
[BlackTeam "Guildford 1"]

1. d4 e6 2. e4 d5 3. Nc3 Nf6 4. Bg5 Bb4 5. e5 h6 6. Bd2 Bxc3 7. bxc3 Ne4 8. Qg4
g6 9. Qd1 c5 10. Bd3 Nc6 11. Nf3 Qa5 12. dxc5 Nxd2 13. Qxd2 g5 14. Rb1 Qxc5 15.
O-O b6 16. Nd4 Bd7 17. f4 Nxd4 18. cxd4 Qxd4+ 19. Kh1 gxf4 20. Rbe1 Rc8 21.
Rxf4 Rxc2 22. Qxc2 Qxf4 23. Qc7 Qb4 24. Rb1 Qe7 25. Qb8+ Qd8 26. Qxa7 O-O 27.
Rxb6 Qg5 28. Rb1 Rc8 29. h3 Rc1+ 30. Rxc1 Qxc1+ 31. Kh2 Qf4+ 32. Kh1 Ba4 33.
Qb8+ Kg7 34. Qb2 Qe3 35. Qe2 Qxe2 36. Bxe2 Bc2 37. Kg1 d4 38. Kf2 d3 39. Bf3 d2
40. a4 Bxa4 0-1

[Event "4NCL Division 1a"]
[Site "Hinckley Island ENG"]
[Date "2013.11.17"]
[Round "2.116"]
[White "Sarakauskas, Gediminas"]
[Black "Arvola, Benjamin"]
[Result "1/2-1/2"]
[WhiteElo "2394"]
[BlackElo "2309"]
[PlyCount "50"]
[EventDate "2013.11.17"]
[WhiteTeam "Guildford 1"]
[BlackTeam "Wood Green HK 2"]

1. e4 c5 2. Ne2 Nc6 3. g3 d5 4. Bg2 dxe4 5. Nbc3 Bg4 6. Nxe4 Nd4 7. N4c3 Bf3 8.
O-O Qd7 9. d3 Nf6 10. Be3 Bxg2 11. Kxg2 e5 12. Ne4 Qc6 13. Bxd4 cxd4 14. c3
dxc3 15. N2xc3 Bb4 16. Qb3 Bxc3 17. Qxc3 Qxc3 18. Nxf6+ gxf6 19. bxc3 O-O-O 20.
Rad1 Kd7 21. Kf3 Ke6 22. Ke3 Rd5 23. Rb1 b6 24. Rb4 Rhd8 25. Rd1 Rc8 1/2-1/2

[Event "4NCL Division 1a"]
[Site "Hinckley Island ENG"]
[Date "2013.11.17"]
[Round "2.117"]
[White "Hegarty, Sarah N"]
[Black "Hambleton, Aman"]
[Result "0-1"]
[WhiteElo "2132"]
[BlackElo "2481"]
[PlyCount "68"]
[EventDate "2013.11.17"]
[WhiteTeam "Wood Green HK 2"]
[BlackTeam "Guildford 1"]

1. e4 e6 2. d4 d5 3. Nc3 Bb4 4. e5 Ne7 5. h4 c5 6. a3 Ba5 7. b4 cxb4 8. Nb5
bxa3+ 9. Bd2 O-O 10. Rxa3 Bxd2+ 11. Qxd2 Nbc6 12. Nf3 f6 13. exf6 Rxf6 14. Bd3
a6 15. Ng5 h6 16. Qe2 Rb8 17. Bh7+ Kh8 18. Rf3 Qa5+ 19. Nc3 Nxd4 20. Rxf6 Qxc3+
21. Kd1 Qa1+ 22. Kd2 Nb3+ 23. cxb3 Qxf6 24. Bd3 Bd7 25. Rc1 hxg5 26. Qh5+ Qh6
27. Qf7 gxh4+ 28. Kd1 Qf6 29. Qh5+ Kg8 30. Qh7+ Kf8 31. Qh8+ Ng8 32. Bh7 Qd4+
33. Ke1 Kf7 34. Kf1 Rf8 0-1

[Event "4NCL Division 1a"]
[Site "Hinckley Island ENG"]
[Date "2013.11.17"]
[Round "2.121"]
[White "Hawkins, Jonathan"]
[Black "Dorrington, Chris J"]
[Result "1/2-1/2"]
[WhiteElo "2511"]
[BlackElo "2315"]
[PlyCount "117"]
[EventDate "2013.11.17"]
[WhiteTeam "Cheddleton 1"]
[BlackTeam "Barbican 4NCL 2"]

1. d4 Nf6 2. c4 e6 3. Nc3 Bb4 4. e3 O-O 5. Bd3 c5 6. Nf3 d5 7. O-O Nc6 8. a3
Bxc3 9. bxc3 dxc4 10. Bxc4 Qc7 11. Bd3 e5 12. Qc2 Re8 13. dxe5 Nxe5 14. Nxe5
Qxe5 15. f3 Bd7 16. a4 Bc6 17. Re1 Rad8 18. e4 Nd5 19. Bd2 Nb6 20. a5 c4 21.
Bf1 Na4 22. Be3 Qxa5 23. Bxc4 Qxc3 24. Qxc3 Nxc3 25. Rxa7 Rd7 26. Rc1 Nb5 27.
Ra2 h6 28. Bb6 Nd6 29. Bb3 Nc8 30. Ba5 Ne7 31. Raa1 Ra8 32. Be1 Rxa1 33. Rxa1
Rd8 34. Kf2 Ng6 35. Ba5 Ra8 36. Ke3 Nf8 37. Ra2 Ne6 38. Bb4 Rxa2 39. Bxa2 g5
40. g3 Bd7 41. f4 gxf4+ 42. gxf4 Nd8 43. Bd5 Nc6 44. Bc3 Be6 45. f5 Bxd5 46.
exd5 Nb8 47. h4 Nd7 48. h5 Kh7 49. Ke4 Kg8 50. d6 Kh7 51. Kd5 Kg8 52. Kc4 Kh7
53. Kb5 Kg8 54. Bd4 Kh7 55. f6 Kg8 56. Be3 Kh7 57. Bd2 Kg8 58. Bxh6 Kh7 59. Bg7
1/2-1/2

[Event "4NCL Division 1a"]
[Site "Hinckley Island ENG"]
[Date "2013.11.17"]
[Round "2.122"]
[White "Griffiths, Ryan Rhys"]
[Black "Colovic, Aleksandar"]
[Result "1/2-1/2"]
[WhiteElo "2344"]
[BlackElo "2516"]
[PlyCount "189"]
[EventDate "2013.11.17"]
[WhiteTeam "Barbican 4NCL 2"]
[BlackTeam "Cheddleton 1"]

1. d4 Nf6 2. c4 e6 3. Nc3 Bb4 4. e3 b6 5. Nge2 Ba6 6. Ng3 O-O 7. e4 c5 8. d5
Re8 9. f3 d6 10. Be2 exd5 11. cxd5 Bxc3+ 12. bxc3 Bxe2 13. Nxe2 Nh5 14. O-O Nd7
15. c4 a6 16. a4 b5 17. axb5 axb5 18. Rxa8 Qxa8 19. cxb5 Qa5 20. Qd2 Qxb5 21.
g4 Nhf6 22. Ng3 g6 23. Bb2 Ne5 24. Nf5 gxf5 25. Qg5+ Kf8 26. Bxe5 Rxe5 27. Qxf6
fxe4 28. Qxd6+ Re7 29. Re1 Qd7 30. Qxd7 Rxd7 31. fxe4 Ke7 32. Kf2 Kd6 33. Ke3
Ra7 34. Kf4 Ra2 35. Rb1 Rf2+ 36. Ke3 Rxh2 37. Rb7 f6 38. Rb6+ Ke7 39. Rc6 h5
40. gxh5 Rh3+ 41. Kf4 Rh4+ 42. Kf3 Rxh5 43. Rxc5 Rh1 44. Rc7+ Kd6 45. Rc6+ Ke7
46. Ke3 Rd1 47. Rc7+ Kd6 48. Rf7 Rf1 49. Ke2 Rf4 50. Kd3 Rf1 51. Ra7 Rd1+ 52.
Ke2 Rd4 53. Ke3 Rd1 54. Ra6+ Ke7 55. Kf4 Rf1+ 56. Ke3 Rd1 57. Ra4 Kd6 58. Ke2
Rh1 59. Ra6+ Ke7 60. Kd3 Rh4 61. Ke3 Rh1 62. Kd4 Rd1+ 63. Kc5 Rc1+ 64. Kb5 Rb1+
65. Kc6 Rc1+ 66. Kb7 Rc4 67. Re6+ Kd7 68. Kb6 Rb4+ 69. Kc5 Ra4 70. Rxf6 Rxe4
71. Rf7+ Kc8 72. Kc6 Rc4+ 73. Kd6 Rh4 74. Rf8+ Kb7 75. Ke7 Rh7+ 76. Rf7 Rh8 77.
Kd7 Kb6 78. d6 Kb7 79. Re7 Kb6 80. Rf7 Kb7 81. Ke6+ Kc6 82. Rc7+ Kb6 83. Rg7
Kc6 84. Ke7 Kb7 85. Kd7 Kb6 86. Re7 Kb7 87. Re8 Rh7+ 88. Ke6 Rh6+ 89. Kd5 Rh5+
90. Re5 Rh1 91. Re2 Kc8 92. Ke6 Kd8 93. Re5 Rh6+ 94. Kd5 Rh1 95. Kc6 1/2-1/2

[Event "4NCL Division 1a"]
[Site "Hinckley Island ENG"]
[Date "2013.11.17"]
[Round "2.123"]
[White "Williams, Simon K"]
[Black "Rogers, Jonathan W"]
[Result "1-0"]
[WhiteElo "2455"]
[BlackElo "2307"]
[PlyCount "45"]
[EventDate "2013.11.17"]
[WhiteTeam "Cheddleton 1"]
[BlackTeam "Barbican 4NCL 2"]

1. d4 d5 2. c4 e5 3. e3 Nc6 4. Nc3 Bb4 5. Nf3 Bg4 6. Be2 exd4 7. exd4 dxc4 8.
d5 Bxc3+ 9. bxc3 Bxf3 10. gxf3 Ne5 11. Ba3 Ne7 12. Qd4 Qxd5 13. Bxe7 Qe6 14.
O-O-O Qxe7 15. f4 Ng6 16. Qxg7 f6 17. Qh6 Qa3+ 18. Kb1 Qxc3 19. Bxc4 Qxc4 20.
Rhe1+ Ne7 21. Rxe7+ Kxe7 22. Qg7+ Qf7 23. Re1+ 1-0

[Event "4NCL Division 1a"]
[Site "Hinckley Island ENG"]
[Date "2013.11.17"]
[Round "2.125"]
[White "Eggleston, David J"]
[Black "Chapman, Terry PD"]
[Result "1-0"]
[WhiteElo "2399"]
[BlackElo "2312"]
[PlyCount "95"]
[EventDate "2013.11.17"]
[WhiteTeam "Cheddleton 1"]
[BlackTeam "Barbican 4NCL 2"]

1. e4 c6 2. d4 d5 3. Nc3 dxe4 4. Nxe4 Bf5 5. Ng3 Bg6 6. h4 h6 7. h5 Bh7 8. Nf3
Nd7 9. Bd3 Bxd3 10. Qxd3 e6 11. Bd2 Ngf6 12. O-O-O Be7 13. Kb1 c5 14. Ne4 cxd4
15. Qxd4 Qb6 16. Qa4 Nxe4 17. Qxe4 Nc5 18. Qf4 Bf6 19. Bc1 O-O 20. g4 Rac8 21.
Rhg1 Qc7 22. Qxc7 Rxc7 23. Bf4 Rcc8 24. Rde1 Na4 25. Ne5 Rfd8 26. Bc1 Rd5 27.
f4 Nb6 28. Nd3 a5 29. Rg2 Rb5 30. g5 hxg5 31. fxg5 Bc3 32. Re4 Rc4 33. Rxc4
Nxc4 34. a4 Rb6 35. Ka2 Bd4 36. Rg4 Rd6 37. Re4 Nb6 38. Bf4 Rd7 39. g6 Nxa4 40.
gxf7+ Kxf7 41. Be5 Nxb2 42. Rxd4 Rxd4 43. Bxd4 Nxd3 44. cxd3 b5 45. Kb3 g5 46.
Bc3 b4 47. Be5 g4 48. Ka4 1-0

[Event "4NCL Division 1a"]
[Site "Hinckley Island ENG"]
[Date "2013.11.17"]
[Round "2.126"]
[White "Sanders, Isaac B"]
[Black "Paci, Cedric"]
[Result "1/2-1/2"]
[WhiteElo "2269"]
[BlackElo "2339"]
[PlyCount "51"]
[EventDate "2013.11.17"]
[WhiteTeam "Barbican 4NCL 2"]
[BlackTeam "Cheddleton 1"]

1. e4 c5 2. Nc3 Nc6 3. g3 g6 4. Bg2 Bg7 5. d3 d6 6. f4 e6 7. Nf3 Nge7 8. O-O
O-O 9. Be3 b6 10. Bf2 Bb7 11. d4 cxd4 12. Nxd4 Nxd4 13. Bxd4 e5 14. Be3 f5 15.
fxe5 dxe5 16. Qe2 Rc8 17. Rad1 Qc7 18. Bg5 Qc5+ 19. Qf2 Qxf2+ 20. Rxf2 Nc6 21.
exf5 gxf5 22. Nd5 e4 23. c3 Kh8 24. Ne3 Ne5 25. Nxf5 Ba8 26. Nxg7 1/2-1/2

[Event "4NCL Division 1a"]
[Site "Hinckley Island ENG"]
[Date "2013.11.17"]
[Round "2.127"]
[White "Radovanovic, Jovica"]
[Black "Buchicchio, Giampaolo"]
[Result "1-0"]
[WhiteElo "2328"]
[BlackElo "2316"]
[PlyCount "131"]
[EventDate "2013.11.17"]
[WhiteTeam "Cheddleton 1"]
[BlackTeam "Barbican 4NCL 2"]

1. Nf3 d5 2. d4 Nf6 3. c4 c6 4. Nc3 a6 5. a4 e6 6. Bg5 Nbd7 7. cxd5 exd5 8. e3
Qa5 9. Nd2 Be7 10. Bd3 Nf8 11. O-O Ng6 12. f4 h6 13. f5 Bxf5 14. Rxf5 hxg5 15.
Rxg5 Qc7 16. Nf1 Nf8 17. Rc1 Bd6 18. g3 Qe7 19. Rf5 g6 20. Rf2 Qe6 21. e4 dxe4
22. Nxe4 Nxe4 23. Bxe4 O-O-O 24. Bxc6 Kb8 25. Bg2 f5 26. Qf3 Rh7 27. Rfc2 Re8
28. Rc3 Qf6 29. Qd5 Ka7 30. Rc7 Rb8 31. Rxh7 Nxh7 32. Ne3 Qe7 33. Nc4 Bb4 34.
Ne5 Ka8 35. Qc4 Qd6 36. Rc2 a5 37. Nd3 Nf6 38. Nxb4 axb4 39. Qc5 Qa6 40. Qxb4
Ne4 41. Bxe4 fxe4 42. Rc5 b6 43. Qb5 Qb7 44. Rc3 Rd8 45. a5 Rxd4 46. Rc1 Rd5
47. Qxb6 Qxb6+ 48. axb6 Rd2 49. Rc6 e3 50. Re6 Rxb2 51. h4 Kb7 52. Kf1 Rf2+ 53.
Ke1 g5 54. hxg5 Rf3 55. g4 Rf4 56. Rxe3 Kxb6 57. Ke2 Kc6 58. Re5 Kd7 59. Ke3
Rxg4 60. Kf3 Ra4 61. g6 Ra6 62. Rg5 Ra8 63. g7 Rg8 64. Kg4 Ke6 65. Kh5 Kf7 66.
Kh6 1-0

[Event "4NCL Division 1a"]
[Site "Hinckley Island ENG"]
[Date "2013.11.17"]
[Round "2.128"]
[White "Keen, Cosima C"]
[Black "Steil-Antoni, Fiona"]
[Result "0-1"]
[WhiteElo "1745"]
[BlackElo "2185"]
[PlyCount "42"]
[EventDate "2013.11.17"]
[WhiteTeam "Barbican 4NCL 2"]
[BlackTeam "Cheddleton 1"]

1. c4 d6 2. d4 g6 3. Nf3 Bg7 4. g3 Nd7 5. Nc3 c6 6. Bg2 e5 7. e3 f5 8. dxe5
dxe5 9. O-O Ngf6 10. Ng5 Qe7 11. e4 h6 12. Nf3 Kf7 13. exf5 gxf5 14. Nh4 Nc5
15. Bh3 Rd8 16. Qe2 f4 17. Bxc8 Raxc8 18. Nf5 Qe6 19. Nxg7 Kxg7 20. b3 Rd3 21.
Ba3 f3 0-1

[Event "4NCL Division 1a"]
[Site "Hinckley Island ENG"]
[Date "2013.11.17"]
[Round "2.131"]
[White "Ghasi, Ameet K"]
[Black "Snuverink, Jochem"]
[Result "1-0"]
[WhiteElo "2466"]
[BlackElo "2361"]
[PlyCount "127"]
[EventDate "2013.11.17"]
[WhiteTeam "Grantham Sharks 1"]
[BlackTeam "Kings Head 1"]

1. Nf3 c5 2. g3 b5 3. e4 Bb7 4. Qe2 e6 5. Bg2 Nc6 6. O-O Nf6 7. e5 Nd5 8. Nc3
a6 9. Nxd5 exd5 10. Nh4 g6 11. f4 Bg7 12. c3 d4 13. f5 d3 14. Qe3 Qc7 15. f6
Bf8 16. Nf3 O-O-O 17. a4 b4 18. Qxd3 Na5 19. cxb4 c4 20. Qe2 Nb3 21. Rb1 Bxb4
22. d3 d5 23. Bf4 Rhe8 24. d4 g5 25. Bxg5 Kb8 26. Rbd1 Ka7 27. Bf4 Qb6 28. Qc2
Bc8 29. Qxh7 Be6 30. Qc2 Bd7 31. Qf2 Bxa4 32. Ng5 Rd7 33. Be3 Na5 34. Ra1 Bb5
35. Bh3 Rb7 36. Rfd1 Bd7 37. Bg2 Be6 38. Nxe6 Qxe6 39. Qf3 Rd8 40. g4 Nc6 41.
g5 Bf8 42. Bh3 Qe8 43. Qf2 Rdb8 44. Rd2 Rb3 45. Bf5 Nd8 46. h4 Ne6 47. Kg2 Qc6
48. Rc1 a5 49. Rdc2 Ka6 50. h5 Bc5 51. Rd1 Rxe3 52. Qxe3 Rb3 53. Qf2 Nxg5 54.
Rc3 Bf8 55. Rxb3 cxb3 56. Qe3 Ne6 57. Qxb3 Bh6 58. Ra1 Nf4+ 59. Kf3 Qc7 60. Qc3
Qxc3+ 61. bxc3 Kb5 62. Bd7+ Kc4 63. Ra3 Nxh5 64. Be8 1-0

[Event "4NCL Division 1a"]
[Site "Hinckley Island ENG"]
[Date "2013.11.17"]
[Round "2.133"]
[White "Rendle, Thomas E"]
[Black "McMichael, Richard J"]
[Result "1-0"]
[WhiteElo "2384"]
[BlackElo "2224"]
[PlyCount "62"]
[EventDate "2013.11.17"]
[WhiteTeam "Grantham Sharks 1"]
[BlackTeam "Kings Head 1"]

1. e4 e6 2. d4 d5 3. Nc3 Nc6 4. Nf3 Nf6 5. exd5 exd5 6. Bb5 Bd7 7. O-O Be7 8.
Re1 O-O 9. Ne5 a6 10. Ba4 Re8 11. Bb3 Be6 12. a3 Nxe5 13. dxe5 Ng4 14. h3 Bc5
15. hxg4 Qh4 16. Qd2 Bxg4 17. Bxd5 c6 18. Bb3 Bf3 19. gxf3 Qg3+ 20. Kf1 Qh3+
21. Ke2 Rxe5+ 22. Ne4 Qg2 23. Bxf7+ Kh8 24. Rf1 Rf5 25. Qd3 Rf8 26. Nxc5 R8xf7
27. Be3 Qxf3+ 28. Ke1 Rd5 29. Qe4 Qf6 30. Nd3 Re7 31. Qf4 Qe6 1-0

[Event "4NCL Division 1a"]
[Site "Hinckley Island ENG"]
[Date "2013.11.17"]
[Round "2.135"]
[White "Sreeves, Clement"]
[Black "Haria, Ravi"]
[Result "1-0"]
[WhiteElo "2244"]
[BlackElo "2151"]
[PlyCount "93"]
[EventDate "2013.11.17"]
[WhiteTeam "Grantham Sharks 1"]
[BlackTeam "Kings Head 1"]

1. Nf3 Nf6 2. c4 e6 3. g3 d5 4. Bg2 Be7 5. O-O O-O 6. b3 a5 7. Nc3 d4 8. Nb5
Nc6 9. e3 e5 10. exd4 e4 11. Ng5 Nxd4 12. Nxe4 Nxb5 13. cxb5 Qd3 14. Nxf6+ Bxf6
15. Ba3 Bxa1 16. Bxf8 Kxf8 17. Qxa1 Qxb5 18. Re1 Be6 19. Qd4 Qb4 20. Qe5 c6 21.
d4 Re8 22. Re3 Rd8 23. h4 h6 24. Re4 Qb6 25. Rf4 Kg8 26. Be4 Qb4 27. d5 cxd5
28. Bh7+ Kxh7 29. Rxb4 axb4 30. Qd4 Rc8 31. Qxb4 Bf5 32. Qxb7 Rc1+ 33. Kh2 Be4
34. g4 f6 35. Kg3 Rc3+ 36. Kh2 Rc2 37. Qa7 Rd2 38. Qe3 Rxa2 39. b4 Rb2 40. Qd4
Rb1 41. h5 g5 42. f3 Bxf3 43. Qxf6 Be4 44. b5 Rh1+ 45. Kg3 Rg1+ 46. Kf2 Rg2+
47. Kf1 1-0

[Event "4NCL Division 1a"]
[Site "Hinckley Island ENG"]
[Date "2013.11.17"]
[Round "2.136"]
[White "Okike, David C"]
[Black "MacQueen, Calum"]
[Result "1/2-1/2"]
[WhiteElo "2152"]
[BlackElo "2246"]
[PlyCount "125"]
[EventDate "2013.11.17"]
[WhiteTeam "Kings Head 1"]
[BlackTeam "Grantham Sharks 1"]

1. e4 c5 2. Nf3 Nc6 3. d4 cxd4 4. Nxd4 e5 5. Nb5 d6 6. a4 Be7 7. N1c3 a6 8. Na3
Nf6 9. Be2 Nd4 10. Be3 Nxe2 11. Qxe2 Be6 12. O-O Rc8 13. Rfd1 Ng4 14. Nd5 Nxe3
15. Qxe3 O-O 16. Qd3 Bh4 17. Ne3 Qa5 18. g3 Bg5 19. Nac4 Qc5 20. b3 b5 21. axb5
axb5 22. Na3 Bxe3 23. fxe3 b4 24. Nc4 Bxc4 25. bxc4 Rfd8 26. Ra6 h6 27. Rb1
Qxc4 28. Rb6 Qxc2 29. Qxc2 Rxc2 30. R6xb4 Ra8 31. Rb8+ Rxb8 32. Rxb8+ Kh7 33.
Rb6 Rd2 34. h3 h5 35. Kf1 f6 36. Ra6 Kg6 37. Ra7 h4 38. gxh4 Rh2 39. h5+ Kh6
40. Rd7 Rxh3 41. Kf2 Rxh5 42. Rxd6 Rh4 43. Kf3 Rh3+ 44. Kf2 Kg5 45. Rd1 g6 46.
Rd6 Rh8 47. Kf3 Ra8 48. Rb6 Ra1 49. Kf2 Ra3 50. Rc6 Ra8 51. Rb6 Ra2+ 52. Kf3
Ra4 53. Re6 Ra3 54. Rb6 Ra1 55. Kf2 Kg4 56. Rxf6 Ra2+ 57. Kf1 g5 58. Rf5 Kh4
59. Rxe5 g4 60. Rf5 Kg3 61. e5 Ra1+ 62. Ke2 Ra2+ 63. Kf1 1/2-1/2

[Event "4NCL Division 1a"]
[Site "Hinckley Island ENG"]
[Date "2013.11.17"]
[Round "2.137"]
[White "Foisor, Veronica"]
[Black "Balaji, Ananthanarayanan"]
[Result "1/2-1/2"]
[WhiteElo "2222"]
[BlackElo "1965"]
[PlyCount "82"]
[EventDate "2013.11.17"]
[WhiteTeam "Grantham Sharks 1"]
[BlackTeam "Kings Head 1"]

1. d4 Nf6 2. c4 g6 3. Nc3 d5 4. cxd5 Nxd5 5. Bd2 Nb6 6. Nf3 Bg7 7. Bg5 O-O 8.
e3 c5 9. dxc5 N6d7 10. Rc1 h6 11. Bh4 Nc6 12. Bb5 g5 13. Bg3 Nxc5 14. O-O Bf5
15. Qe2 Ne4 16. Rfd1 Nxc3 17. bxc3 Qb6 18. Nd4 Bg6 19. Bxc6 bxc6 20. Qf3 Rac8
21. c4 c5 22. Nf5 Bxf5 23. Qxf5 e6 24. Qc2 Rfd8 25. Rb1 Qc6 26. h3 Bf6 27. Rb3
Rxd1+ 28. Qxd1 Qa4 29. Qe2 Rd8 30. h4 Qd7 31. h5 Qd1+ 32. Qxd1 Rxd1+ 33. Kh2
Rc1 34. Ra3 Rxc4 35. Rxa7 Rc1 36. Rc7 c4 37. a4 c3 38. a5 Ra1 39. Rc5 Ra2 40.
f4 c2 41. a6 Rxa6 1/2-1/2

[Event "4NCL Division 1a"]
[Site "Hinckley Island ENG"]
[Date "2013.11.17"]
[Round "2.138"]
[White "Needham, Sabrina"]
[Black "Purton, Ben J"]
[Result "0-1"]
[WhiteElo "1721"]
[BlackElo "2146"]
[PlyCount "68"]
[EventDate "2013.11.17"]
[WhiteTeam "Kings Head 1"]
[BlackTeam "Grantham Sharks 1"]

1. d4 d5 2. Nf3 Nf6 3. Bf4 e6 4. e3 Nbd7 5. Nbd2 b6 6. Bd3 Bb7 7. c3 Be7 8. Qb1
h6 9. b4 Nh5 10. Be5 Nhf6 11. a4 a5 12. bxa5 Rxa5 13. Nb3 Ra7 14. a5 c5 15. a6
Bc6 16. Nbd2 c4 17. Bc2 Qa8 18. O-O O-O 19. Qb2 Rxa6 20. Rxa6 Qxa6 21. Ra1 Qb7
22. h3 Ra8 23. Ra2 b5 24. Bg3 Nb6 25. Ne5 Be8 26. f3 Ra6 27. Nb1 Qa7 28. Rxa6
Qxa6 29. Be1 Bd6 30. Kf2 Kf8 31. Ke2 Ng8 32. g4 b4 33. f4 b3 34. Bd1 Qa2 0-1

[Event "4NCL Division 1a"]
[Site "Hinckley Island ENG"]
[Date "2013.11.17"]
[Round "2.141"]
[White "Gormally, Daniel W"]
[Black "Zakarian, David"]
[Result "1/2-1/2"]
[WhiteElo "2504"]
[BlackElo "2408"]
[PlyCount "49"]
[EventDate "2013.11.17"]
[WhiteTeam "Blackthorne Russia"]
[BlackTeam "Oxford 1"]

1. d4 Nf6 2. Nf3 b6 3. Bg5 e6 4. e4 h6 5. Bxf6 Qxf6 6. c3 Bb7 7. Nbd2 g6 8. Bd3
Bg7 9. Qe2 O-O 10. O-O Qe7 11. Rfe1 d6 12. e5 Nd7 13. Be4 Bxe4 14. Qxe4 d5 15.
Qe2 c5 16. Nf1 Rac8 17. Ne3 cxd4 18. cxd4 Rc7 19. Rec1 Nb8 20. Rxc7 Qxc7 21. h4
Rc8 22. h5 g5 23. g3 Nc6 24. Kh2 Ne7 25. Ne1 1/2-1/2

[Event "4NCL Division 1a"]
[Site "Hinckley Island ENG"]
[Date "2013.11.17"]
[Round "2.142"]
[White "Tan, Justin"]
[Black "Hunt, Harriet V"]
[Result "1/2-1/2"]
[WhiteElo "2308"]
[BlackElo "2449"]
[PlyCount "96"]
[EventDate "2013.11.17"]
[WhiteTeam "Oxford 1"]
[BlackTeam "Blackthorne Russia"]

1. d4 Nf6 2. c4 e6 3. Nf3 b6 4. g3 Ba6 5. Qa4 c6 6. Nc3 d5 7. cxd5 b5 8. Qb3
exd5 9. a3 Be7 10. Bg2 O-O 11. O-O Nbd7 12. Bf4 Qb6 13. Rfe1 b4 14. axb4 Bc4
15. Qa4 Qxb4 16. Qc2 Bb3 17. Qd3 a5 18. Nd2 a4 19. Nxb3 axb3 20. Bd2 Qb7 21. e4
dxe4 22. Nxe4 Nd5 23. Nc3 N7f6 24. Qc4 h6 25. Rac1 Rfc8 26. Bf3 Bf8 27. h4 Rab8
28. Ne4 Nxe4 29. Bxe4 Qd7 30. Bb1 h5 31. Qd3 g6 32. Re5 Bg7 33. Rxh5 Nb4 34.
Bxb4 Rxb4 35. Rhc5 Qxd4 36. Qf3 Qg4 37. Qxg4 Rxg4 38. R1c4 Bd4 39. h5 Rxg3+ 40.
Kf1 Rg4 41. hxg6 fxg6 42. Rxc6 Rxc6 43. Rxc6 Kg7 44. Ke2 g5 45. Rc4 Rf4 46. Kd3
Bxf2 47. Rxf4 gxf4 48. Ke4 Be3 1/2-1/2

[Event "4NCL Division 1a"]
[Site "Hinckley Island ENG"]
[Date "2013.11.17"]
[Round "2.143"]
[White "Hunt, Adam C"]
[Black "Smallbone, Kieran D"]
[Result "1-0"]
[WhiteElo "2429"]
[BlackElo "2218"]
[PlyCount "65"]
[EventDate "2013.11.17"]
[WhiteTeam "Blackthorne Russia"]
[BlackTeam "Oxford 1"]

1. e4 c6 2. c4 d5 3. cxd5 cxd5 4. exd5 Nf6 5. Qa4+ Nbd7 6. Nc3 g6 7. Bc4 Bg7 8.
d3 O-O 9. Nf3 a6 10. Qa3 Nb6 11. Qb3 Nxc4 12. dxc4 b5 13. O-O bxc4 14. Qxc4 Bb7
15. Rd1 Qa5 16. Bf4 Rac8 17. Qb3 Ba8 18. Rd2 Rfd8 19. Rad1 Rd7 20. Ne5 Rb7 21.
Nc6 Rxb3 22. Nxa5 Rb4 23. Nc6 Rb7 24. Na4 Nh5 25. Bg5 Bf6 26. Bxf6 Nxf6 27. Nc5
Rbc7 28. Nxa6 Rd7 29. Nc5 Rdc7 30. b4 e6 31. Na6 Rd7 32. Nab8 Rb7 33. dxe6 1-0

[Event "4NCL Division 1a"]
[Site "Hinckley Island ENG"]
[Date "2013.11.17"]
[Round "2.145"]
[White "Bates, Richard A"]
[Black "Rawlinson, Aidan M"]
[Result "1-0"]
[WhiteElo "2336"]
[BlackElo "2151"]
[PlyCount "97"]
[EventDate "2013.11.17"]
[WhiteTeam "Blackthorne Russia"]
[BlackTeam "Oxford 1"]

1. d4 g6 2. Nf3 Bg7 3. g3 Nf6 4. Bg2 O-O 5. O-O d6 6. c4 Nc6 7. Nc3 a6 8. h3
Rb8 9. e4 e5 10. d5 Na5 11. b3 c5 12. dxc6 bxc6 13. Bg5 c5 14. Nd5 Nc6 15. Qd3
Bb7 16. Rad1 Nd4 17. Nxd4 cxd4 18. f4 Bxd5 19. exd5 h6 20. Bh4 exf4 21. gxf4
Qb6 22. Bf2 Nh5 23. Bxd4 Bxd4+ 24. Qxd4 Qxd4+ 25. Rxd4 Rfe8 26. Kf2 Kg7 27. Bf3
Nf6 28. Re1 Rxe1 29. Kxe1 Nd7 30. Re4 Kf6 31. Kd2 Nc5 32. Re1 a5 33. Kc3 h5 34.
Bd1 Kf5 35. Rf1 Re8 36. Bc2+ Kf6 37. Rf3 Re1 38. a3 h4 39. b4 axb4+ 40. axb4
Nd7 41. Kd4 Rc1 42. Bd3 Kg7 43. Rf1 Rxf1 44. Bxf1 Kf6 45. c5 Ke7 46. Be2 Kd8
47. Bb5 Nf6 48. cxd6 Nh5 49. Bc6 1-0

[Event "4NCL Division 1a"]
[Site "Hinckley Island ENG"]
[Date "2013.11.17"]
[Round "2.146"]
[White "Coleman, James"]
[Black "Ledger, Dave J"]
[Result "1-0"]
[WhiteElo "2127"]
[BlackElo "2262"]
[PlyCount "71"]
[EventDate "2013.11.17"]
[WhiteTeam "Oxford 1"]
[BlackTeam "Blackthorne Russia"]

1. e4 e5 2. Nf3 Nc6 3. d4 exd4 4. Nxd4 Nf6 5. Nc3 Bb4 6. Nxc6 bxc6 7. Bd3 d5 8.
exd5 cxd5 9. O-O O-O 10. h3 c6 11. Qf3 Rb8 12. Bg5 Be7 13. b3 Rb7 14. Ne2 Ne4
15. Bxe7 Rxe7 16. Bxe4 Rxe4 17. c4 Re5 18. cxd5 Rxd5 19. Rfe1 Qb6 20. Nc3 Rd6
21. Rad1 Rf6 22. Na4 Qb4 23. Qe4 Qa5 24. Qe5 Rf5 25. Qxa5 Rxa5 26. Rd6 g6 27.
Re7 Be6 28. Rxc6 Rd8 29. Rc5 Rd5 30. Rxa5 Rxa5 31. Rc7 h5 32. h4 Kg7 33. Nc5
Kf6 34. a4 Ke5 35. b4 Kd6 36. Rb7 1-0